| 000 | 01113cam a2200301 a 4500 | ||
|---|---|---|---|
| 001 | 144 | ||
| 003 | BR-CuiBMT | ||
| 005 | 20231129134631.0 | ||
| 008 | 230821s2020 mgba 000 0 por d | ||
| 020 | _a9788545006190 (v. 1) | ||
| 020 | _a9788545006206 (v. 2) | ||
| 040 |
_aBR-CuiBMT _cBR-CuiBMT |
||
| 080 |
_22007 _a343.1 |
||
| 090 |
_a343.1 _bD598 |
||
| 245 | 0 | 0 |
_aDireito processual de polícia judiciária / _cEliomar da Silva Pereira, Márcio Adriano Anselmo, organizadores. |
| 260 |
_aBelo Horizonte : _bFórum, _c2020. |
||
| 300 |
_a2 v. : _bil. ; _c22 cm |
||
| 490 | 1 |
_aCurso de direito de polícia judiciária ; _vv. 4-5 |
|
| 504 | _aInclui bibliografia. | ||
| 505 | 0 | _av. 1. O procedimento de inquérito policial -- v. 2. Os meios de obtenção de prova. | |
| 650 |
_aInvestigação criminal _xProcedimentos |
||
| 650 |
_aDireito processual penal _xPolícia judiciária |
||
| 650 |
_aInquérito policial _xColeta de provas |
||
| 700 | 1 |
_aPereira, Eliomar da Silva _4org. |
|
| 700 | 1 |
_aAnselmo, Márcio Adriano _4org. |
|
| 830 | 0 |
_aCurso de direito de polícia judiciária ; _v4-5 |
|
| 942 |
_2udc _cLV |
||
| 999 |
_c144 _d144 |
||